• 首页
  • 本馆介绍
  • 公告通知
  • 最新文献
  • 馆藏检索
  • 电子资源
  • 读者导购
  • 参考咨询
  • 我的图书馆
  • 登录
  • 详细信息显示
  • 放入我的书架
  • 预约/预借图书
  • 作者相关作品
  • 分类相关作品
  • 丛书相关作品
  • 出版社相关作品

书目信息

  • 表格格式
  • 工作单格式
  • 卡片格式
题名:
稀特菜制种技术
    
 
作者: 沈火林 编著
分册:  
出版信息: 北京   金盾出版社  2005
页数: 131页
开本: 19cm
丛书名: 蔬菜制种技术丛书
单 册:
中图分类: S630.38 , S630.3
科图分类:
主题词: 蔬菜--作物育种
电子资源:
ISBN: 7-5082-3568-1
000 00667nam2 2200241 450
001 2338629745
005 20231224104451.02
010    @a7-5082-3568-1@dCNY 5.50
100    @a20110101d2005 em y0chiy0110 ea
101 0  @achi
102    @aCN@b110000
105    @af z 000yy
200 1  @a稀特菜制种技术@Axi te cai zhi chong ji shu@f沈火林等编著
210    @a北京@c金盾出版社@d2005
215    @a131页@c彩图@d19cm
225 2  @a蔬菜制种技术丛书
410  0 @12001 @a蔬菜制种技术丛书
606 0  @a蔬菜@x作物育种
690    @aS630.38@v5
690    @aS630.3@v4
701  0 @a沈火林@Achen huo lin@4编著
801  2 @aCN@b辽宁北配@c20231205
905    @aBZT@dS630.3@e144
    
    稀特菜制种技术/沈火林等编著.-北京:金盾出版社,2005
    131页:彩图;19cm.-(蔬菜制种技术丛书)
    
    
    ISBN 7-5082-3568-1:CNY 5.50
    
●
相关链接 在五车中查询图书 在当当中查询图书 在豆瓣中查询图书


正题名:稀特菜制种技术     索取号:S630.3/144         预约/预借

序号 登录号 条形码 馆藏地/架位号 状态 备注
1 2001692641   2001692641   辽三/辽宁北配(第三批)/3815/ [索取号:S630.3/144] 在馆    
2 2001692642   2001692642   辽三/辽宁北配(第三批)/3815/ [索取号:S630.3/144] 在馆    
3 2001692643   2001692643   辽三/辽宁北配(第三批)/3815/ [索取号:S630.3/144] 在馆    
4 2001692644   2001692644   辽三/辽宁北配(第三批)/3815/ [索取号:S630.3/144] 在馆    
5 2001692645   2001692645   辽三/辽宁北配(第三批)/3815/ [索取号:S630.3/144] 在馆    
6 2001692646   2001692646   辽三/辽宁北配(第三批)/3815/ [索取号:S630.3/144] 在馆    
7 2001692647   2001692647   辽三/辽宁北配(第三批)/3815/ [索取号:S630.3/144] 在馆    
8 2001692648   2001692648   辽三/辽宁北配(第三批)/3815/ [索取号:S630.3/144] 在馆    
9 2001692649   2001692649   辽三/辽宁北配(第三批)/3815/ [索取号:S630.3/144] 在馆    
10 2001692650   2001692650   辽三/辽宁北配(第三批)/3815/ [索取号:S630.3/144] 在馆    
11 2001692651   2001692651   辽三/辽宁北配(第三批)/3815/ [索取号:S630.3/144] 在馆    
12 2001692652   2001692652   辽三/辽宁北配(第三批)/3815/ [索取号:S630.3/144] 在馆    
13 2001692653   2001692653   辽三/辽宁北配(第三批)/3815/ [索取号:S630.3/144] 在馆    
14 2001692654   2001692654   辽三/辽宁北配(第三批)/3815/ [索取号:S630.3/144] 在馆    
15 2001692655   2001692655   辽三/辽宁北配(第三批)/3815/ [索取号:S630.3/144] 在馆    
16 2001692656   2001692656   辽三/辽宁北配(第三批)/3815/ [索取号:S630.3/144] 在馆    
17 2001692657   2001692657   辽三/辽宁北配(第三批)/3815/ [索取号:S630.3/144] 在馆    
18 2001692658   2001692658   辽三/辽宁北配(第三批)/3815/ [索取号:S630.3/144] 在馆    
19 2001692659   2001692659   辽三/辽宁北配(第三批)/3815/ [索取号:S630.3/144] 在馆    
20 2001692660   2001692660   辽三/辽宁北配(第三批)/3815/ [索取号:S630.3/144] 在馆    
21 2001692661   2001692661   辽三/辽宁北配(第三批)/3815/ [索取号:S630.3/144] 在馆    
22 2001692662   2001692662   辽三/辽宁北配(第三批)/3815/ [索取号:S630.3/144] 在馆    
23 2001692663   2001692663   辽三/辽宁北配(第三批)/3815/ [索取号:S630.3/144] 在馆    
24 2001692664   2001692664   辽三/辽宁北配(第三批)/3815/ [索取号:S630.3/144] 在馆    
25 2001692665   2001692665   辽三/辽宁北配(第三批)/3815/ [索取号:S630.3/144] 在馆    
26 2001692666   2001692666   辽三/辽宁北配(第三批)/3815/ [索取号:S630.3/144] 在馆    
27 2001692667   2001692667   辽三/辽宁北配(第三批)/3815/ [索取号:S630.3/144] 在馆    
28 2001692668   2001692668   辽三/辽宁北配(第三批)/3815/ [索取号:S630.3/144] 在馆    
29 2001692669   2001692669   辽三/辽宁北配(第三批)/3815/ [索取号:S630.3/144] 在馆    
山东省滨州职业学院图书馆 欢迎您!
大连网信软件有限公司© 版权所有